Služby pre poľnohospodárstvo
Na minha lista:
| Autor principal: | |
|---|---|
| Outros Autores: | |
| Formato: | Livro |
| Idioma: | eslovaco |
| Publicado em: |
Bratislava
Príroda
1983
|
| Colecção: | Ekonomika poľnohospodárstva
|
| Tags: |
Sem tags, seja o primeiro a adicionar uma tag!
|
MARC
| LEADER | 00000nam a2200000 4500 | ||
|---|---|---|---|
| 001 | c115993 | ||
| 005 | 20041019155203.2 | ||
| 041 | 0 | |a slo | |
| 044 | |a SK | ||
| 245 | 1 | 0 | |a Služby pre poľnohospodárstvo |c Félix Hutník, Ivan Zoborský |
| 264 | 1 | |a Bratislava |b Príroda |c 1983 | |
| 300 | |a 223 s. | ||
| 490 | 1 | |a Ekonomika poľnohospodárstva | |
| 830 | 0 | |a Ekonomika poľnohospodárstva | |
| 100 | 1 | |a Hutník, Félix | |
| 700 | 1 | |a Zoborský, Ivan | |